000 00866nam a2200253 a 4500
003 DO-SdBNP
005 20240417195416.0
007 ta
008 090623s1982 dr 000 0 spa d
040 _aDO-SdBNP
_bspa
_cBNPHU
_erda
082 _axxxx
_bxxxx
_222
110 1 _aRepública Dominicana
_978637
_bComisión Encargada de la Celebración del Día de los Derechos Humanos
245 0 1 _aDeclaración Universal de los Derechos Humanos /
264 _aSanto Domingo;
_bComisión Encargada de la Celebración del Día de los Derechos Humanos,
_c1982.
300 _a[12] páginas
_c21 cm.
336 _2rdacontent
_atexto
_btxt
337 _2rdamedia
_asin mediación
_bn
338 _2rdacarrier
_avolumen
_bnc
590 _aInventariado, 2023/ YL
650 0 _aDerechos humanos
_9658
650 0 _aDerecho civil
_95702
910 _aYLockward
942 _2ddc
_cLF2
999 _c54506
_d54506